Derecho procesal constitucional : (Record no. 153785)

MARC details
000 -LEADER
fixed length control field nam a22 7a 4500
005 - DATE AND TIME OF LATEST TRANSACTION
control field 20200122090208.0
008 - FIXED-LENGTH DATA ELEMENTS--GENERAL INFORMATION
fixed length control field 040816s2004 pe b 000 0 spa
020 ## - INTERNATIONAL STANDARD BOOK NUMBER
International Standard Book Number 9972997200
050 04 - LIBRARY OF CONGRESS CALL NUMBER
Classification number KHQ2698
Item number D47 2004
100 1# - MAIN ENTRY--PERSONAL NAME
Personal name Abad Yupanqui, Samuel B.
245 10 - TITLE STATEMENT
Title Derecho procesal constitucional :
Remainder of title antecedentes, desarrollo y desafíos en el Perú
Statement of responsibility, etc / Samuel Abad Yupanqui
250 ## - EDITION STATEMENT
Edition statement 1a ed.
260 ## - PUBLICATION, DISTRIBUTION, ETC. (IMPRINT)
Place of publication, distribution, etc Lima, Perú :
Name of publisher, distributor, etc Gaceta Jurídica,
Date of publication, distribution, etc 2004.
300 ## - PHYSICAL DESCRIPTION
Extent 269 p. ;
Dimensions 24 cm.
504 ## - BIBLIOGRAPHY, ETC. NOTE
Bibliography, etc Incluye bibliografía
650 #7 - SUBJECT ADDED ENTRY--TOPICAL TERM
Topical term or geographic name as entry element Revisión judicial.
Geographic subdivision Perú
Source of heading or term lemb
650 #7 - SUBJECT ADDED ENTRY--TOPICAL TERM
Topical term or geographic name as entry element Cortes constitucionales
Geographic subdivision Perú.
Source of heading or term lemb
650 #7 - SUBJECT ADDED ENTRY--TOPICAL TERM
Topical term or geographic name as entry element Tribunales constitucionales
Geographic subdivision Perú
Source of heading or term lemb
942 ## - ADDED ENTRY ELEMENTS (KOHA)
Source of classification or shelving scheme Biblioteca del Cogreso de los Estados Unidos
Koha item type Libro
Holdings
Estado de pérdida Fuente de clasificación Estado del daño No para préstamo Ubicación permanente Ubicación actual Apartado o colección Fecha de adquisición Fuente de adquisición Edición Área del conocimiento Clasificación Código de Barras Date last seen Número de copia Costo por reposición Tipo de recurso
  Biblioteca del Cogreso de los Estados Unidos     Biblioteca del Posgrado en Derecho Biblioteca del Posgrado en Derecho Colección Ernesto Villanueva 22/01/2020 Donación 1a ed. Ciencias Sociales y Administrativas KHQ2698 D47 r2005 BPD000001307 22/01/2020 1 1.00 Libro